zpět

Detail výsledku týmu

Pivní restaurace, Kadaň

Datum a čas kvízu

16.5 Celkem bodů Celkový počet nahraných bodů na tomto kvízu bez doplňovacích otázek.
6. Pořadí na kvízu Konečné umístění týmu na tomto kvízu.

Zaznamenané odpovědi

# Otázka Odpověď Body Výsledky
1. Smutné 70. výročí justiční vra... O2 1
2. Některým občanským aktivistům... Imagine 0
3. Francouzská policie zadržela v... Banksy 0
4. Známá japonská firma se rozhod... Olympus 0
5. Kolikátý titul mistrů Českoslo... 20. titul 0
6. Toto téma jste si vybrali na n... Kmeny 0
7. Co je primárně typické pro ski... B 0
8. Spisovatel Eduard Bass napsal... Cirkus Humberto 0
9. V lidském společenství najdeme... ektomorf, endomorf, mezomorf 0
10. Poměrně specifickým fenoménem... K-pop 0